Đánh giá khả năng gây hại của vi khuẩn Ralstonia solanacearum và nấm Sclerotium rolfsii trên xà lách Xoong (Nasturtium Officinale R. Br) - nghiên cứu phòng trị bệnh bằng biện pháp sinh học và hóa học trong điều kiện In Vitro : Luận văn tốt nghiệp cao học. Ngành Bảo vệ Thực vật

Tìm hiểu về khả năng gây hại của vi khuẩn R. solanacearum và nấm S. rolfsii để nghiên cứu tìm ra thuốc hóa học cũng như tác nhân phòng trừ sinh học đạt hiệu quả phòng trị cao trong điều kiện nhà lưới và ngoài đồng....

Popoln opis

Shranjeno v:
Bibliografske podrobnosti
Glavni avtor: Mai, Như Phương
Format: Knjiga
Jezik:Undetermined
Izdano: Cần Thơ Trường Đại học Cần Thơ 2013
Teme:
Oznake: Označite
Brez oznak, prvi označite!
Thư viện lưu trữ: Trung tâm Học liệu Trường Đại học Cần Thơ
LEADER 01387nam a2200217Ia 4500
001 CTU_185244
008 210402s9999 xx 000 0 und d
082 |a 632.9 
082 |b Ph561 
088 |a 60620112 
100 |a Mai, Như Phương 
245 0 |a Đánh giá khả năng gây hại của vi khuẩn Ralstonia solanacearum và nấm Sclerotium rolfsii trên xà lách Xoong (Nasturtium Officinale R. Br) - nghiên cứu phòng trị bệnh bằng biện pháp sinh học và hóa học trong điều kiện In Vitro : 
245 0 |b Luận văn tốt nghiệp cao học. Ngành Bảo vệ Thực vật 
245 0 |c Mai Như Phương ; Nguyễn Thị Thu Nga (Cán bộ hướng dẫn) 
260 |a Cần Thơ 
260 |b Trường Đại học Cần Thơ 
260 |c 2013 
520 |a Tìm hiểu về khả năng gây hại của vi khuẩn R. solanacearum và nấm S. rolfsii để nghiên cứu tìm ra thuốc hóa học cũng như tác nhân phòng trừ sinh học đạt hiệu quả phòng trị cao trong điều kiện nhà lưới và ngoài đồng. 
650 |a Thuốc hóa học,Watercress,Chemicals,Ralstonia solanacearum,Xà lách xoong,Rhizobacteria 
910 |a Trúc 
980 |a Trung tâm Học liệu Trường Đại học Cần Thơ